Sports Quiz

Random Sports or Soccer Quiz

Premier League Golden Boot Quiz Stats

 Plays Quiz Updated May 21, 2019

Score 0/34 Timer 04:00
6 Plays Today
Season Scorer % Correct
2005-06Thierry Henry
87.5%
2004-05Thierry Henry
87.5%
2003-04Thierry Henry
87.4%
2016-17Harry Kane
86.3%
2015-16Harry Kane
85.7%
2017-18Mohamed Salah
85%
2014-15Sergio Agüero
84%
2018-19Mohamed Salah
82.8%
2013-14Luis Suárez
82.1%
1994-95Alan Shearer
81.9%
1995-96Alan Shearer
81.7%
1996-97Alan Shearer
81.5%
2001-02Thierry Henry
81.4%
2018-19Sadio Mané
81.1%
2006-07Didier Drogba
80.8%
2007-08Cristiano Ronaldo
80%
2009-10Didier Drogba
78.4%
Season Scorer % Correct
2012-13Robin van Persie
78%
2011-12Robin van Persie
75.8%
2018-19Pierre-Emerick Aubameyang
73.8%
2002-03Ruud van Nistelrooy
69.4%
1997-98Michael Owen
69.1%
1998-99Michael Owen
68.7%
1998-99Dwight Yorke
65.5%
1999-00Kevin Phillips
56.2%
2010-11Carlos Tevez
56%
2010-11Dimitar Berbatov
54.1%
1993-94Andy Cole
53%
1997-98Chris Sutton
51.5%
1992-93Teddy Sheringham
51.1%
2008-09Nicolas Anelka
49.8%
2000-01Jimmy Floyd Hasselbaink
47.2%
1997-98Dion Dublin
42.7%
1998-99Jimmy Floyd Hasselbaink
32%

You're not logged in!

Compare scores with friends on all Sporcle quizzes.
OR
Log In

Sporcle TV

Today on Sporcle TV


Watch our educational content, quiz creation guides, and fun videos on Sporcle TV.

Show Comments

Extras

Top Quizzes Today


Score Distribution

Your Account Isn't Verified!

In order to create a playlist on Sporcle, you need to verify the email address you used during registration. Go to your Sporcle Settings to finish the process.

Report this User

Report this user for behavior that violates our Community Guidelines.

Details: